Competition and new technology in the electric power sector

Αποθηκεύτηκε σε:
Λεπτομέρειες βιβλιογραφικής εγγραφής
Συγγραφή απο Οργανισμό/Αρχή: International Energy Agency
Μορφή: Βιβλίο
Γλώσσα:English
Δημοσίευση: Paris : OECD, 1996
Θέματα:
Ετικέτες: Προσθήκη ετικέτας
Δεν υπάρχουν, Καταχωρήστε ετικέτα πρώτοι!

MARC

LEADER 00000nam a2200000 i 4500
001 1/8878
008 961206s1996 i eng d
020 |a 92-64-15329-2 
035 |l 10017266 
040 |a GR-MY-UA  |b gre  |e aacr 
041 0 |a eng 
082 0 |a 333.7932 
245 1 0 |a Competition and new technology in the electric power sector /  |c International Energy Agency 
260 |a Paris :   |b OECD,   |c 1996 
300 |a 91 p.;  |c 23 cm 
650 0 0 |a Electric utilities. 
650 0 0 |a Electric power systems  |x Technological innovations. 
650 0 0 |a Competition. 
710 2 |a International Energy Agency. 
852 |a INST  |b LESVOS  |e 19961206  |h 333.7932 COM  |p 005100008834  |q 005100008834  |t BK  |y 0 
909 |a Λ  |b 049168